| 000 | 00337nam a22001217a 4500 | ||
|---|---|---|---|
| 999 |
_c15379 _d15379 |
||
| 020 | _a9788121925969 | ||
| 082 |
_a512.896 _bNAR/MA |
||
| 100 |
_aNarayan, Shanti _aMittal, P.K _93068 |
||
| 245 | _aA textbook of matrices (for B.Sc. and B.A students) | ||
| 260 |
_aNew Delhi _bS. Chand and company Limited _c2017 |
||
| 300 | _a309 | ||
| 942 | _cBK | ||